[Event "COL-ch U18 sf2"]
[Site "Malambo"]
[Date "2019.05.05"]
[Round "6.5"]
[White "Carvajal Barreto, Johan Sebastian"]
[Black "Cortina Cuentas, Jhoan"]
[Result "1-0"]
[WhiteElo "1577"]
[BlackElo "1600"]
[PlyCount "43"]
[EventDate "2019.05.02"]
[EventType "swiss"]
[EventRounds "6"]
[EventCountry "COL"]
[SourceTitle "EXT 2024"]
[Source "ChessBase"]
[SourceDate "2023.10.10"]
[SourceVersion "1"]
[SourceVersionDate "2023.10.10"]
[SourceQuality "1"]

1. d4 d5 2. c4 Bf5 3. Bf4 Nf6 4. Nc3 e6 5. a3 c5 6. e3 Nc6 7. Nf3 Be7 8. Rc1 a6 9. dxc5 dxc4 10. Qxd8+ Rxd8 11. Bxc4 Bxc5 12. Na4 Bd6 13. Bxa6 bxa6 14. Rxc6 Bxf4 15. exf4 Bd3 16. Nc3 0-0 17. Ne5 Bc2 18. 0-0 a5 19. Rc1 Rd2 20. Nf3 Rd7 21. Rxc2 Rfd8 22. h3 1-0

[Event "COL-ch U18 sf2"]
[Site "Malambo"]
[Date "2019.05.03"]
[Round "3.7"]
[White "Cortina Cuentas, Jhoan"]
[Black "Barrios Gonzalez, Jesus David"]
[Result "0-1"]
[WhiteElo "1600"]
[BlackElo "1447"]
[PlyCount "60"]
[EventDate "2019.05.02"]
[EventType "swiss"]
[EventRounds "6"]
[EventCountry "COL"]
[SourceTitle "EXT 2024"]
[Source "ChessBase"]
[SourceDate "2023.10.10"]
[SourceVersion "1"]
[SourceVersionDate "2023.10.10"]
[SourceQuality "1"]

1. d4 Nf6 2. e3 d6 3. Bd3 g6 4. Nf3 Bg7 5. Nbd2 0-0 6. b3 Nbd7 7. 0-0 Re8 8. Bb2 e5 9. dxe5 dxe5 10. e4 Nh5 11. Re1 Nf4 12. Nc4 b5 13. Na5 c5 14. Qd2 Qb6 15. a4 Nxd3 16. cxd3 a6 17. b4 cxb4 18. Qxb4 Rb8 19. Rec1 bxa4 20. Qxb6 Rxb6 21. Nc4 Rb3 22. Nd6 Rd8 23. Rxc8 Rxc8 24. Nxc8 Rxb2 25. Kf1 Nc5 26. Ne1 Nb3 27. Rxa4 Nd2+ 28. Ke2 Nxe4+ 29. Kf3 Rxf2+ 30. Kxe4 Rf4+ 0-1

[Event "COL-chT Liga Quintal"]
[Site "Barranquilla"]
[Date "2019.03.25"]
[Round "2.2"]
[White "Cortina Cuentas, Jhoan"]
[Black "Caballero Alvarado, Alexandra I"]
[Result "0-1"]
[WhiteElo "1600"]
[BlackElo "1269"]
[PlyCount "52"]
[EventDate "2019.03.17"]
[EventType "team-tourn"]
[EventRounds "7"]
[EventCountry "COL"]
[SourceTitle "EXT 2024"]
[Source "ChessBase"]
[SourceDate "2023.10.10"]
[SourceVersion "1"]
[SourceVersionDate "2023.10.10"]
[SourceQuality "1"]
[WhiteTeam "Club Aspros"]
[BlackTeam "Petrossian B"]
[WhiteTeamCountry "COL"]
[BlackTeamCountry "COL"]

1. d4 d5 2. Nf3 Nc6 3. Bf4 Nf6 4. Nbd2 Bf5 5. e3 e6 6. c4 Bb4 7. a3 Bd6 8. Ne5 0-0 9. Ndf3 Ne4 10. g4 Bg6 11. h4 Bxe5 12. Bxe5 f6 13. Bf4 Re8 14. h5 Bf7 15. Qd3 e5 16. dxe5 fxe5 17. Bh2 Qd7 18. Bh3 Rad8 19. Rd1 Nc5 20. Qf5 Qxf5 21. gxf5 Bxh5 22. Bg2 e4 23. Nd4 Bxd1 24. Kxd1 Nxd4 25. exd4 dxc4 26. Be5 Rxe5 0-1